Orbital Approach to the Electronic Structure of Solids /

Na minha lista:
Detalhes bibliográficos
Main Authors: Canadell, Enric (Author), Doublet, Marie-Liesse (Author), Iung, Christophe (Author)
Formato: Livro
Idioma:inglês
Publicado em: Oxford Oxford University Press 2016
Tags: Adicionar Tag
Sem tags, seja o primeiro a adicionar uma tag!

MARC

LEADER 00000nam a22000003a 4500
001 0087032
003 SK-STU
005 20210203090144.3
007 ta
008 210203s ----xo-----e------000-0-----d
020 |a 978-0-19-876705-3 
040 |a STU  |b slo 
041 0 |a eng 
044 |a xxk 
100 1 |a Canadell, Enric  |4 aut 
245 1 0 |a Orbital Approach to the Electronic Structure of Solids /  |c aut. Enric Canadell, Marie-Liesse Doublet, Christophe Iung 
260 |a Oxford  |b Oxford University Press  |c 2016 
300 |a 350 s. 
700 1 |a Doublet, Marie-Liesse  |4 aut 
700 1 |a Iung, Christophe  |4 aut 
996 |b 284M088552  |c M* 14439-1  |l MMST  |s A  |a 24  |w 0087032_0001